<?xml version="1.0" encoding="UTF-8"?>
<marc:record xmlns:marc="http://www.loc.gov/MARC21/slim">
   <marc:leader>00000nam a2200000 a 4500</marc:leader>
   <marc:datafield ind1="1" ind2=" " tag="100">
      <marc:subfield code="a">Vacek, Milos</marc:subfield>
   </marc:datafield>
   <marc:datafield ind1="1" ind2=" " tag="100">
      <marc:subfield code="a">Novotny, J. A.</marc:subfield>
   </marc:datafield>
   <marc:datafield ind1="1" ind2=" " tag="100">
      <marc:subfield code="a">Miler, Zdenék</marc:subfield>
   </marc:datafield>
   <marc:datafield ind1="0" ind2="0" tag="245">
      <marc:subfield code="a">Der Maulwurf</marc:subfield>
   </marc:datafield>
   <marc:datafield ind1="0" ind2="0" tag="245">
      <marc:subfield code="b">und seine Abenteuer im Karneval</marc:subfield>
   </marc:datafield>
   <marc:datafield ind1="0" ind2="0" tag="245">
      <marc:subfield code="c">Regie: Zdenék Miler. Drehb.: J. A. Novotny. Musik: Milos Vacek</marc:subfield>
   </marc:datafield>
   <marc:datafield ind1=" " ind2="1" tag="264">
      <marc:subfield code="a">Pfäffikon</marc:subfield>
      <marc:subfield code="b">Highlight Communications AG</marc:subfield>
      <marc:subfield code="c">2000</marc:subfield>
   </marc:datafield>
   <marc:datafield ind1="1" ind2=" " tag="490">
      <marc:subfield code="a">¬Der¬ Maulwurf ; 4</marc:subfield>
      <marc:subfield code="v">4</marc:subfield>
   </marc:datafield>
   <marc:datafield ind1="1" ind2=" " tag="520">
      <marc:subfield code="a">Wenn alle Tiere im Wald Karneval feiern, dann ist das zwar sehr lustig, aber heute hat Pauli der Maulwurf doch lieber seine Ruhe. Von einem gemütlichen Schläfchen keine Rede, bei all dem munteren Treiben und Singen und Lachen. Als Pauli dann aber doch aus seiner Maulwurfshöhle herauskriecht, erlebt er eine Riesenüberraschung mit der gefürchteten Bulldogge. Kaum zu glauben, aber die beiden werden dicke Freunde. Eine ziemlich klebrige Angelegenheit, muß Pauli feststellen, als er einen Kaugummi findet. Da ist er doch sehr froh, daß er großen Erfolg als Uhrmacher hat und schließlich wird aus ihm auch noch ein Liebhaber der Musik! Als er den Hund, der ihn aus dem Telefonhörer anbellt, auch mit einem Knochen nicht beruhigen kann, ist unser Pauli völlig aus dem Häuschen. Aber dafür entschädigen ihn seine Erlebnisse als Maler auf's Beste. Und eine lustige Segelpartie in einem umgedrehten Sonnenschirm besiegelt seine Freundschaft mit der Froschfamilie.</marc:subfield>
   </marc:datafield>
   <marc:datafield ind1=" " ind2=" " tag="020">
      <marc:subfield code="a">4011976504139</marc:subfield>
      <marc:subfield code="9">4011976504139</marc:subfield>
   </marc:datafield>
   <marc:datafield ind1="0" ind2=" " tag="490">
      <marc:subfield code="v">0</marc:subfield>
   </marc:datafield>
   <marc:datafield ind1=" " ind2=" " tag="300">
      <marc:subfield code="a">45 Min.</marc:subfield>
   </marc:datafield>
</marc:record>
